000 00861nam a2200265 i 4500
003 DO-SdBNP
005 20230518094050.0
007 ta
008 230518b2008 sp ||||| |||| 00| 0 spa d
040 _aDO-SdBNP
_bspa
_cBNPHU
_erda
082 4 _222
100 _aMagris, Claudio,
_eautor
_983412
245 1 3 _aEl infinito viajar /
_cClaudio Magris ; traducción Pilar García Colmenarejo
264 _aBarcelona :
_bAnagrama,
_c2008.
300 _a285 páginas ;
_c22 cm.
336 _2rdacontent
_atexto
_btxt
337 _2rdamedia
_asin mediación
_bn
338 _2rdacarrier
_avolumen
_bnc
490 _aPanorama de narrativas
_v692
500 _aIncluye datos biográficos del autor en la solapa de la cubierta
590 _aInventariado, 2023/BT
700 1 _aColmenarejo, Pilar García,
_etraducción
_983413
910 _aBtavárez
942 _2ddc
_cLBS1
999 _c53560
_d53560